00587nam a2200193 a 450000100060000000300090000600800410001502000150005604000280007108200180009910000310011724500980014826000350024630000110028165000240029265000110031665000350032765000310036216904CO-ViMGA141112s2004 ck r 000 u spa d a9582810505 aCO-ViMGAbspacCO-ViMGA04a155.934 F655e1 aFonnegra de Jaramillo, Isa10aDe cara a la muerte , cómo afrontar las penas, el dolor y la muerte para vivir con plenitud aBogotá, cIntermedio, c1999 a330.p.14aDOLOR Y SUFRIMIENTO14aMUERTE14aMUERTE - ASPECTOS PSICOLOGICOS14aMUERTE - ASPECTOS SOCIALES